[Event "Hillerod Byturnering 2017 Basis 3"]
[Site "Hillerod"]
[Date "????.??.??"]
[Round "5"]
[White "Hviid, Hans Henrik"]
[Black "Nielsen, Benny"]
[Result "1-0"]
[WhiteElo "1280"]
[BlackElo "1282"]
[PlyCount "123"]
[EventDate "2017.??.??"]
[EventType "swiss"]
[EventRounds "7"]
[EventCountry "DEN"]

1. e4 e5 2. Nc3 Nf6 3. d3 Nc6 4. Bg5 Bb4 5. Qd2 h6 6. Bxf6 Qxf6 7. Nf3 O-O 8.
a3 Be7 9. Nd5 Qd6 10. g3 Bd8 11. Bh3 Ne7 12. Nh4 Nxd5 13. exd5 Qxd5 14. O-O
Bxh4 15. gxh4 f5 16. c4 Qf7 17. Bg2 Qh5 18. Bd5+ Kh8 19. f4 c6 20. Bg2 Qxh4 21.
fxe5 Qd4+ 22. Kh1 Qxe5 23. Rae1 Qf6 24. Be4 d6 25. Re2 f4 26. Ref2 g5 27. h4
Qe5 28. hxg5 hxg5 29. Rh2+ Kg8 30. Qe2 Bf5 31. Qh5 Bxe4+ 32. dxe4 Qxe4+ 33. Kg1
Qd4+ 34. Rff2 Qg7 35. Qg4 Qg6 36. Rh5 Rf5 37. Rfh2 Kf7 38. Rh7+ Kf6 39. R2h6 f3
40. Rxg6+ Kxg6 41. Qh5+ Kf6 42. Rh6+ Ke5 43. Qh2+ Rf4 44. Kf2 Raf8 45. Rg6 R8f5
46. Qh6 Rg4 47. Rxd6 Rg2+ 48. Kf1 f2 49. Qe6+ Kf4 50. Rd4+ Kg3 51. Rd3+ Rf3 52.
Qe5+ Kg4 53. Rd4+ Kh3 54. Qe6+ Kh2 55. Qe5+ Kh1 56. Qh8+ Rh2 57. Qe5 g4 58.
Rxg4 Rhh3 59. Qe4 Kh2 60. Rg2+ Kh1 61. Qg4 Rfg3 62. Rxg3 1-0

[Event "Hillerod Byturnering 2017 Basis 3"]
[Site "Hillerod"]
[Date "????.??.??"]
[Round "5"]
[White "Petersen, Jakob Lyng"]
[Black "Hansen, Hardy"]
[Result "0-1"]
[WhiteElo "1000"]
[BlackElo "1432"]
[PlyCount "110"]
[EventDate "2017.??.??"]
[EventType "swiss"]
[EventRounds "7"]
[EventCountry "DEN"]

1. e4 d6 2. d4 c6 3. Nc3 h6 4. Bc4 e6 5. Nf3 Nd7 6. Bf4 g5 7. Bg3 d5 8. exd5
cxd5 9. Bd3 Ngf6 10. O-O Nh5 11. Be5 Nxe5 12. Nxe5 Nf4 13. Bb5+ Ke7 14. Qf3 f6
15. Ng4 Bg7 16. g3 Ng6 17. Rfe1 Kf8 18. Bd3 Ne7 19. Nxf6 Nf5 20. Bxf5 Qxf6 21.
Qd3 exf5 22. Nxd5 Qd6 23. c4 Bd7 24. Qe3 Bf6 25. Nxf6 Qxf6 26. Qa3+ Kf7 27. Qc5
Rhc8 28. Qd5+ Be6 29. Qxb7+ Kg6 30. d5 Bf7 31. Qe7 Rxc4 32. d6 Rd4 33. Qxf6+
Kxf6 34. Rad1 Rxd1 35. Rxd1 Bxa2 36. f4 g4 37. Kf2 a5 38. Ke3 Ke6 39. Rd4 a4
40. Kd3 Bb3 41. Kc3 Rd8 42. Kb4 Rxd6 43. Kc5 Rxd4 44. Kxd4 Kd6 45. Kc3 Kc5 46.
Kd3 Kd5 47. Ke3 Bc4 48. Kd2 Kd4 49. Ke1 Ke3 50. Kd1 Kf2 51. Kc2 Kg2 52. Kc3 Bb3
53. Kd4 Kxh2 54. Ke5 Bc2 55. Kf6 Kxg3 0-1

[Event "Hillerod Byturnering 2017 Basis 3"]
[Site "Hillerod"]
[Date "????.??.??"]
[Round "5"]
[White "Schjolin, John"]
[Black "Jahic, Afan"]
[Result "0-1"]
[WhiteElo "1137"]
[BlackElo "1360"]
[PlyCount "78"]
[EventDate "2017.??.??"]
[EventType "swiss"]
[EventRounds "7"]
[EventCountry "DEN"]

1. c4 e5 2. e4 Nf6 3. Nc3 Nc6 4. d3 Bb4 5. a3 Be7 6. Nf3 d6 7. h3 O-O 8. g3 b6
9. Bg2 Bb7 10. Nd5 Nxd5 11. cxd5 Nd4 12. Nxd4 exd4 13. O-O c5 14. b3 a5 15. a4
Qd7 16. Qg4 Qxg4 17. hxg4 Bc8 18. f3 Bf6 19. Bf4 Ba6 20. Rad1 Rad8 21. Rf2 Rfe8
22. Bf1 g6 23. Rh2 Re7 24. Re1 Rb7 25. Rb1 b5 26. Rhb2 Rb6 27. Bd2 Rdb8 28.
Bxa5 R6b7 29. axb5 Bxb5 30. Bd2 Ba4 31. Bf4 Be7 32. Bc1 Rxb3 33. Rxb3 Rxb3 34.
Ra1 Bb5 35. Ra8+ Kg7 36. g5 Rb1 37. Bf4 Bxd3 38. g4 Bxf1 39. Ra2 Bc4+ 0-1

[Event "Hillerod Byturnering 2017 Basis 3"]
[Site "Hillerod"]
[Date "????.??.??"]
[Round "5"]
[White "So, John"]
[Black "Rasmussen, Ole"]
[Result "1-0"]
[WhiteElo "1469"]
[BlackElo "1615"]
[PlyCount "89"]
[EventDate "2017.??.??"]
[EventType "swiss"]
[EventRounds "7"]
[EventCountry "DEN"]

1. e4 c5 2. Nf3 d6 3. d4 cxd4 4. Nxd4 Nf6 5. Nc3 g6 6. Be2 Bg7 7. Be3 O-O 8.
O-O a6 9. a3 Bd7 10. f4 e5 11. Nb3 Bc6 12. Bf3 Qc7 13. f5 Nbd7 14. fxg6 fxg6
15. Kh1 Rad8 16. Bg5 h6 17. Bh4 Nb6 18. Nd2 Be8 19. a4 g5 20. Bf2 Qe7 21. Bxb6
Rc8 22. Bf2 Bf7 23. h4 Nh7 24. h5 Nf6 25. g4 Rfd8 26. Nd5 Nxd5 27. exd5 Qc7 28.
c4 Qa5 29. Rb1 Be8 30. b3 b5 31. axb5 axb5 32. b4 Qc7 33. c5 dxc5 34. Bxc5 Bf8
35. Ne4 Qf7 36. d6 Qf4 37. Ra1 Bc6 38. Qb3+ Kg7 39. Ra7+ Rd7 40. Rxd7+ Bxd7 41.
Be3 Qf7 42. Qxf7+ Kxf7 43. Bc5 Ke6 44. Nc3 Bxd6 45. Bd5+ 1-0

[Event "Hillerod Byturnering 2017 Basis 3"]
[Site "Hillerod"]
[Date "????.??.??"]
[Round "6"]
[White "Eldor, Finn"]
[Black "So, John"]
[Result "0-1"]
[WhiteElo "1356"]
[BlackElo "1469"]
[PlyCount "56"]
[EventDate "2017.??.??"]
[EventType "swiss"]
[EventRounds "7"]
[EventCountry "DEN"]

1. Nf3 Nf6 2. g3 Nc6 3. Bg2 d6 4. O-O e5 5. d4 e4 6. Ng5 d5 7. e3 Be7 8. f3 h6
9. Nh3 exf3 10. Qxf3 O-O 11. Nd2 Bg4 12. Qf2 Nb4 13. c4 Nd3 14. Qxf6 Bxf6 15.
c5 c6 16. e4 Bxd4+ 17. Kh1 Bxh3 18. Bxh3 Nf2+ 19. Kg2 Nxh3 20. Kxh3 Qd7+ 21.
Kg2 Bxc5 22. Nb3 Bb6 23. Bd2 dxe4 24. Rad1 Qe6 25. Bc3 Rad8 26. Nd4 Bxd4 27.
Bxd4 b6 28. Bc3 Rxd1 0-1

[Event "Hillerod Byturnering 2017 Basis 3"]
[Site "Hillerod"]
[Date "????.??.??"]
[Round "6"]
[White "Hansen, Hardy"]
[Black "Rabjerg, Thue"]
[Result "0-1"]
[WhiteElo "1432"]
[BlackElo "1433"]
[PlyCount "72"]
[EventDate "2017.??.??"]
[EventType "swiss"]
[EventRounds "7"]
[EventCountry "DEN"]

1. e4 e6 2. d4 d5 3. e5 c5 4. c3 Nc6 5. Nf3 Bd7 6. g3 Be7 7. Bg2 f6 8. exf6
Nxf6 9. O-O O-O 10. Re1 cxd4 11. Nxd4 e5 12. Nxc6 bxc6 13. Rxe5 Ng4 14. Re2 Bc5
15. Be3 Nxe3 16. fxe3 Bg4 17. Nd2 Bxe2 18. Qxe2 Qb6 19. b4 Bxe3+ 20. Kh1 Rf2
21. Qg4 Bxd2 22. Qe6+ Kh8 23. Qe5 Raf8 24. h4 Qb5 25. a4 Qc4 26. Qd6 Bxc3 27.
Rb1 R2f6 28. Qe7 Qd3 29. Rc1 Qd2 30. Rb1 Kg8 31. Kh2 Qc2 32. Rg1 Bd4 33. Re1
Rf2 34. Qe6+ Kh8 35. Qe7 Rxg2+ 36. Kh3 Rh2+ 0-1

[Event "Hillerod Byturnering 2017 Basis 3"]
[Site "Hillerod"]
[Date "????.??.??"]
[Round "6"]
[White "Hviid, Hans Henrik"]
[Black "Feldung, Arne"]
[Result "0-1"]
[WhiteElo "1280"]
[BlackElo "1345"]
[PlyCount "72"]
[EventDate "2017.??.??"]
[EventType "swiss"]
[EventRounds "7"]
[EventCountry "DEN"]

1. e4 c6 2. d4 d5 3. e5 Bf5 4. Bd3 Bxd3 5. Qxd3 e6 6. Nf3 c5 7. O-O c4 8. Qe2
Nc6 9. c3 g6 10. b3 b5 11. bxc4 bxc4 12. Ng5 Be7 13. h4 h6 14. Nf3 Bxh4 15.
Nxh4 Qxh4 16. Nd2 Qe7 17. a4 Qd7 18. Ba3 Nge7 19. Bd6 Nf5 20. Bc5 Nfe7 21. f4
Nf5 22. Qf3 Na5 23. Bb4 Nb3 24. Nxb3 cxb3 25. c4 Nxd4 26. Qd1 Nc2 27. Qf3 Nxb4
28. cxd5 Qxd5 29. Qxd5 Nxd5 30. Rab1 Rb8 31. Rf3 O-O 32. Rfxb3 Rxb3 33. Rxb3
Nxf4 34. Rb7 Ra8 35. Kf1 Nd3 36. Rb4 Nxb4 0-1

[Event "Hillerod Byturnering 2017 Basis 3"]
[Site "Hillerod"]
[Date "????.??.??"]
[Round "6"]
[White "Nielsen, Benny"]
[Black "Schjolin, John"]
[Result "0-1"]
[WhiteElo "1282"]
[BlackElo "1137"]
[PlyCount "94"]
[EventDate "2017.??.??"]
[EventType "swiss"]
[EventRounds "7"]
[EventCountry "DEN"]

1. e4 c5 2. Nf3 d6 3. Bc4 Be6 4. b3 Bxc4 5. bxc4 e5 6. d3 Nf6 7. Bg5 Nbd7 8.
Nc3 Qa5 9. Qd2 g6 10. Nd5 Qxd2+ 11. Nxd2 Rc8 12. O-O Nxd5 13. cxd5 Bg7 14. Nf3
f6 15. Be3 b6 16. c4 O-O 17. a4 a5 18. Rab1 Rb8 19. Rb5 Rb7 20. Ne1 Rc8 21. Nc2
Nb8 22. Rfb1 Nd7 23. Bd2 Rcb8 24. Bxa5 Ra7 25. Bxb6 Rxa4 26. Bc7 Rxb5 27. cxb5
Ra2 28. Ne1 Bh6 29. b6 Bd2 30. Kf1 Ba5 31. Bxd6 Bxb6 32. Bb8 c4 33. Rxb6 Nxb6
34. dxc4 Nxc4 35. g3 Kf8 36. d6 Ke8 37. Nd3 Nd2+ 38. Kg2 Nxe4 39. Kf3 Ng5+ 40.
Kg4 Ra5 41. Bc7 Rb5 42. f4 exf4 43. Nxf4 Ne4 44. Ne6 h5+ 45. Kh4 Kd7 46. Nf8+
Kc6 47. d7 Kxc7 0-1

[Event "Hillerod Byturnering 2017 Basis 3"]
[Site "Hillerod"]
[Date "????.??.??"]
[Round "6"]
[White "Petersen, Jakob Lyng"]
[Black "Jahic, Afan"]
[Result "1-0"]
[WhiteElo "1000"]
[BlackElo "1360"]
[PlyCount "79"]
[EventDate "2017.??.??"]
[EventType "swiss"]
[EventRounds "7"]
[EventCountry "DEN"]

1. e4 c5 2. Nc3 Nc6 3. g3 Nf6 4. Bg2 g6 5. d3 Bg7 6. Be3 d6 7. Nge2 O-O 8. O-O
a6 9. a4 e6 10. f4 Ng4 11. Bf2 Nd4 12. Ra3 Nxe2+ 13. Qxe2 Nxf2 14. Rxf2 Bd4 15.
g4 Qh4 16. f5 Bxf2+ 17. Qxf2 Qxf2+ 18. Kxf2 exf5 19. gxf5 gxf5 20. Nd5 Kg7 21.
Ra1 fxe4 22. Bxe4 f6 23. Rg1+ Kf7 24. Bxh7 Rh8 25. Bg6+ Kf8 26. Nxf6 Rxh2+ 27.
Ke3 Rxc2 28. Ke4 Ke7 29. Nd5+ Kd8 30. Nb6 Rb8 31. Kd5 Rxb2 32. Nc4 Re2 33. Kxd6
b6 34. Bf7 Re8 35. Bxe8 Kxe8 36. Kc7 Ra8 37. Rg8+ Ke7 38. Rxc8 Ra7+ 39. Kxb6
Rd7 40. Rc7 1-0

[Event "Hillerod Byturnering 2017 Basis 3"]
[Site "Hillerod"]
[Date "????.??.??"]
[Round "6"]
[White "Rand, Svend Aage"]
[Black "Rasmussen, Ole"]
[Result "0-1"]
[WhiteElo "1456"]
[BlackElo "1615"]
[PlyCount "120"]
[EventDate "2017.??.??"]
[EventType "swiss"]
[EventRounds "7"]
[EventCountry "DEN"]

1. d4 Nf6 2. Nf3 d5 3. h3 e6 4. Bf4 c5 5. e3 Nbd7 6. Bb5 Qa5+ 7. Nc3 Ne4 8.
Bxd7+ Bxd7 9. O-O Nxc3 10. bxc3 cxd4 11. cxd4 Bc6 12. Nd2 Be7 13. Nb3 Qd8 14.
Qg4 Bf6 15. Qg3 Rc8 16. Be5 O-O 17. Bxf6 Qxf6 18. Rfc1 b6 19. a4 a5 20. Nd2 Qe7
21. Rcb1 Rb8 22. Nf3 Qe8 23. Qd6 Rd8 24. Qa3 Rb8 25. Ne5 Qc8 26. Qd6 Bb7 27.
Ra2 Rd8 28. Qa3 f6 29. Nd3 Ba6 30. Rab2 Bxd3 31. Qxd3 Rd6 32. Qa3 Rc6 33. Qd3
Qc7 34. Rc1 Rc4 35. Ra2 Qc6 36. Rca1 Rc8 37. Rc1 Rc3 38. Qb5 Qxb5 39. axb5 Rb3
40. cxb3 Rxc1+ 41. Kh2 Rc3 42. Rb2 Kf7 43. g4 e5 44. dxe5 fxe5 45. Kg2 e4 46.
Kf1 Ke6 47. Ke2 Ke5 48. Kd2 Rc5 49. Rc2 Rxc2+ 50. Kxc2 d4 51. Kb2 d3 52. Kc3
Kd5 53. Kd2 Kc5 54. f4 Kxb5 55. f5 Kc6 56. g5 Kd7 57. h4 Ke7 58. h5 Kf7 59. Kc3
b5 60. Kd2 a4 0-1

[Event "Hillerod Byturnering 2017 Basis 3"]
[Site "Hillerod"]
[Date "????.??.??"]
[Round "7"]
[White "Hansen, Hardy"]
[Black "Feldung, Arne"]
[Result "1-0"]
[WhiteElo "1432"]
[BlackElo "1345"]
[PlyCount "57"]
[EventDate "2017.??.??"]
[EventType "swiss"]
[EventRounds "7"]
[EventCountry "DEN"]

1. d4 d5 2. Nf3 Bf5 3. Bf4 Nf6 4. h3 h6 5. Nc3 e6 6. a3 Nbd7 7. Nb5 Rc8 8. Nxa7
Ra8 9. Nb5 Rc8 10. e3 c5 11. Bd6 Qa5+ 12. c3 Rc6 13. dxc5 Ne4 14. b4 Qd8 15.
Nfd4 Bxd6 16. Nxc6 bxc6 17. Nxd6+ Nxd6 18. cxd6 Qb8 19. Qd4 O-O 20. Qf4 f6 21.
Be2 Ne5 22. O-O Qxd6 23. Rad1 g5 24. Qg3 Ra8 25. c4 Rxa3 26. f4 Nf7 27. c5 Qb8
28. fxg5 fxg5 29. Qxb8+ 1-0

[Event "Hillerod Byturnering 2017 Basis 3"]
[Site "Hillerod"]
[Date "????.??.??"]
[Round "7"]
[White "Nielsen, Benny"]
[Black "Ellegaard, Soren"]
[Result "1-0"]
[WhiteElo "1282"]
[BlackElo "1437"]
[PlyCount "69"]
[EventDate "2017.??.??"]
[EventType "swiss"]
[EventRounds "7"]
[EventCountry "DEN"]

1. e4 e5 2. Nf3 Nc6 3. d3 Bc5 4. Be2 d5 5. exd5 Qxd5 6. Nc3 Qd7 7. O-O h6 8.
Ne4 Bb6 9. c3 f5 10. Ned2 Qe7 11. Nc4 Nf6 12. Nh4 Qf7 13. Be3 g5 14. Nf3 Qe7
15. d4 f4 16. Ncxe5 Nxe5 17. Nxe5 Qg7 18. Bh5+ Ke7 19. Ng6+ Kd8 20. Nxh8 Qxh8
21. Bd2 c6 22. Re1 Qg7 23. h3 Bd7 24. Qf3 Kc7 25. Re2 Rd8 26. Rae1 Kc8 27. Re7
Qh8 28. Bg4 Bxg4 29. hxg4 Bc7 30. Rf7 Rd7 31. Rxd7 Kxd7 32. Qe2 Qh7 33. Qe6+
Kd8 34. Qxf6+ Kc8 35. Re8+ 1-0

[Event "Hillerod Byturnering 2017 Basis 3"]
[Site "Hillerod"]
[Date "????.??.??"]
[Round "7"]
[White "Rabjerg, Thue"]
[Black "So, John"]
[Result "0-1"]
[WhiteElo "1433"]
[BlackElo "1469"]
[PlyCount "80"]
[EventDate "2017.??.??"]
[EventType "swiss"]
[EventRounds "7"]
[EventCountry "DEN"]

1. e4 c5 2. Nc3 d6 3. f4 Nc6 4. Nf3 Nf6 5. Bc4 e6 6. O-O Be7 7. f5 exf5 8. exf5
Bxf5 9. Ng5 Bg6 10. d3 O-O 11. Qe1 Nd4 12. Rf2 a6 13. Nd5 Nxd5 14. Bxd5 Bxg5
15. Bxg5 Qxg5 16. Bxb7 Rab8 17. Bxa6 Rxb2 18. Rc1 Rxa2 19. Bc4 Ra7 20. Rd1 Re7
21. Qf1 Qe3 22. Kh1 Qg5 23. c3 Nf5 24. Ra1 Ne3 25. Qc1 h6 26. Qg1 Nxc4 27. dxc4
Re3 28. Rc1 Re6 29. Rcf1 Re3 30. Rd1 Rd8 31. Rd5 Re5 32. Rd1 Qg4 33. h3 Qxc4
34. Rf3 Bh5 35. g4 Bg6 36. Rdf1 Re2 37. Rf4 Qd5+ 38. R1f3 Be4 39. Qf1 Bxf3+ 40.
Rxf3 Re3 0-1

[Event "Hillerod Byturnering 2017 Basis 3"]
[Site "Hillerod"]
[Date "????.??.??"]
[Round "7"]
[White "Rand, Svend Aage"]
[Black "Eldor, Finn"]
[Result "1-0"]
[WhiteElo "1456"]
[BlackElo "1356"]
[PlyCount "107"]
[EventDate "2017.??.??"]
[EventType "swiss"]
[EventRounds "7"]
[EventCountry "DEN"]

1. d4 Nf6 2. Nf3 e6 3. Bg5 Be7 4. e3 O-O 5. c4 c5 6. Nc3 cxd4 7. exd4 Qb6 8.
Qc2 d6 9. Bd3 g6 10. O-O Nbd7 11. Rfe1 Qd8 12. b4 b6 13. a4 Bb7 14. Qe2 Re8 15.
Ne4 d5 16. Nxf6+ Nxf6 17. Bxf6 Bxf6 18. c5 a6 19. Rec1 Qe7 20. c6 Bc8 21. b5 a5
22. Qb2 Qd6 23. Qa3 Qc7 24. Qc3 Bg7 25. Re1 f6 26. h3 e5 27. dxe5 fxe5 28. Nd4
Be6 29. Nxe6 Rxe6 30. Qb3 Rd8 31. Be4 Red6 32. Bc2 Kh8 33. Rad1 d4 34. Bd3 Re8
35. Re2 Red8 36. Rde1 Rd5 37. Rc2 Bf8 38. Rce2 Rc5 39. Rc2 Rxc2 40. Qxc2 Bb4
41. Re4 Rc8 42. Qb3 Qe7 43. Qd5 Bd6 44. f4 Rd8 45. fxe5 Bc7 46. Qc4 Bxe5 47.
Qc2 Rc8 48. Qe2 Re8 49. Qa2 Qc7 50. Qd5 Bh2+ 51. Kh1 Rd8 52. Qe6 Bd6 53. Qf6+
Qg7 54. Qxd8+ 1-0

[Event "Hillerod Byturnering 2017 Basis 3"]
[Site "Hillerod"]
[Date "????.??.??"]
[Round "7"]
[White "Rasmussen, Ole"]
[Black "Jahic, Afan"]
[Result "1-0"]
[WhiteElo "1615"]
[BlackElo "1360"]
[PlyCount "95"]
[EventDate "2017.??.??"]
[EventType "swiss"]
[EventRounds "7"]
[EventCountry "DEN"]

1. e4 c5 2. Nf3 Nc6 3. d4 cxd4 4. Nxd4 e5 5. Nb5 a6 6. Nd6+ Bxd6 7. Qxd6 Qf6 8.
Qd2 Qg6 9. Nc3 Nf6 10. Qg5 Nd4 11. Bd3 d6 12. h3 Be6 13. Be3 Nc6 14. a3 Qxg5
15. Bxg5 Nd7 16. Be3 Na5 17. O-O-O Rc8 18. Kb1 Nc5 19. Be2 Rc6 20. f4 Nc4 21.
Bxc4 Bxc4 22. f5 f6 23. g4 Bf7 24. Rd2 h6 25. Rhd1 Ke7 26. Bxc5 Rxc5 27. Rxd6
Rhc8 28. Rd7+ Ke8 29. Rxb7 R5c7 30. Rxc7 Rxc7 31. Rd6 Bc4 32. Rd2 Kf7 33. h4 g5
34. hxg5 hxg5 35. Kc1 Bf1 36. Rh2 Kg8 37. Nd5 Rc4 38. Nc3 Rc7 39. Ne2 Rc4 40.
Ng3 Bd3 41. b3 Rc7 42. Kb2 Bb5 43. Rd2 Rh7 44. a4 Be8 45. Rd8 Kf7 46. Nh5 Ke7
47. Rxe8+ Kxe8 48. Nxf6+ 1-0

[Event "Hillerod Byturnering 2017 Basis 3"]
[Site "Hillerod"]
[Date "????.??.??"]
[Round "7"]
[White "Schjolin, John"]
[Black "Hviid, Hans Henrik"]
[Result "1/2-1/2"]
[WhiteElo "1137"]
[BlackElo "1280"]
[PlyCount "147"]
[EventDate "2017.??.??"]
[EventType "swiss"]
[EventRounds "7"]
[EventCountry "DEN"]

1. c4 c5 2. Nc3 a6 3. e4 Nc6 4. d3 e5 5. Be3 Qa5 6. Nf3 Nf6 7. Qa4 Qxa4 8. Nxa4
Nb4 9. Kd2 d6 10. a3 Nc6 11. Be2 b5 12. Nb6 Rb8 13. Nxc8 Rxc8 14. Rhd1 bxc4 15.
h3 cxd3 16. Bxd3 a5 17. Ra2 g6 18. Nh2 h5 19. f3 Bg7 20. Bb5 O-O 21. Ke2 Na7
22. a4 Rfd8 23. Nf1 d5 24. b3 dxe4 25. Rxd8+ Rxd8 26. Bxc5 exf3+ 27. gxf3 Nxb5
28. axb5 Nd5 29. Ke1 Nc3 30. Rd2 Rxd2 31. Kxd2 Nxb5 32. Bb6 Nd4 33. Bxd4 exd4
34. Kd3 f5 35. Nd2 Kf7 36. Nc4 Ke6 37. Nxa5 Kd5 38. Nb7 Kc6 39. Nd8+ Kb5 40.
Ne6 Be5 41. Nxd4+ Bxd4 42. Kxd4 Kb4 43. Ke5 Kxb3 44. f4 Kc4 45. Kf6 Kd4 46.
Kxg6 Ke4 47. Kg5 h4 48. Kxh4 Kxf4 49. Kh5 Kg3 50. Kg5 f4 51. h4 f3 52. h5 f2
53. h6 f1=Q 54. Kg6 Qa6+ 55. Kg7 Qb7+ 56. Kg6 Qc6+ 57. Kg7 Qd7+ 58. Kg6 Qg4+
59. Kf7 Qg5 60. h7 Qf5+ 61. Kg8 Qg5+ 62. Kf7 Qh6 63. Kg8 Qe6+ 64. Kg7 Qe5+ 65.
Kg8 Qe8+ 66. Kg7 Qe7+ 67. Kg8 Qe8+ 68. Kg7 Qe5+ 69. Kg8 Qe6+ 70. Kg7 Qe7+ 71.
Kg8 Qg5+ 72. Kf7 Qh6 73. Kg8 Qg6+ 74. Kh8 1/2-1/2